000 00582nam a2200217Ia 4500
003 GCL
008 140319s9999 xx 000 0 eng d
040 _aGCL /
_cGCL
082 0 4 _a004
_bM F
100 1 _aMEUER, HANS WENER
245 1 0 _aFACING THE NEW WORLD OF INFORMATION TECHNOLOGY /
_cMEUER, HANS WENER
260 _a[S.N] :
_bK.G. SAUR ،
_c1994
300 _a691 P
650 0 4 _aشعر الحرب
650 0 4 _aHARDWARE
650 0 4 _aDATA PROCESSING
650 0 4 _aINFORMATION TECHNOLOGY
650 0 4 _aCOMMUNICATION SYSTEMS
650 0 4 _aSOFT WARE
942 _2ddc
_cBK
999 _c14744
_d14744